Raccolta dei trattati e delle convenzioni commerciali in vigore tra l'Italia e gli stati stranieri / (Record no. 162865)

MARC details
000 -LEADER
campo de control de longitud fija 00686nam a22001815i 4500
001 - NÚMERO DE CONTROL
campo de control 162865
003 - IDENTIFICADOR DE NÚMERO DE CONTROL
campo de control ES-MaACL
005 - FECHA Y HORA DE LA ÚLTIMA TRANSACCIÓN
campo de control 20250901105526.0
008 - DATOS DE LONGITUD FIJA--INFORMACIÓN GENERAL
campo de control de longitud fija 050706s1862 it |||| | ita d
040 ## - FUENTE DE CATALOGACIÓN
Centro catalogador/agencia de origen CAM
Lengua de catalogación spa
Centro/agencia transcriptor CAM
245 00 - MENCIÓN DEL TÍTULO
Título Raccolta dei trattati e delle convenzioni commerciali in vigore tra l'Italia e gli stati stranieri /
Mención de responsabilidad, etc. compilata per cura del Ministero per gli Affari Esteri di S.M. Re d'Italia.
260 ## - PUBLICACIÓN, DISTRIBUCIÓN, ETC.
Lugar de publicación, distribución, etc. Torino :
Nombre del editor, distribuidor, etc. [s.n.],
Fecha de publicación, distribución, etc. 1862 (
Fabricante Tipografia G. Fayale e Comp.)
300 ## - DESCRIPCIÓN FÍSICA
Extensión XXX, 1020 p. ;
Dimensiones 22 cm.
650 #0 - PUNTO DE ACCESO ADICIONAL DE MATERIA--TÉRMINO DE MATERIA
Término de materia o nombre geográfico como elemento de entrada Comercio exterior-
Subdivisión geográfica Italia
9 (RLIN) 223741
752 ## - ENTRADA AGREGADA--NOMBRE JERÁRQUICO DEL LUGAR
País o entidad superior Italia -
Ciudad Turín
852 ## - LOCALIZACIÓN
Ubicación ES-MaACL
Número de control de estantería G-14372
Nota libre -- Enc. hol.
Holdings
Estatus retirado Estado de pérdida Estado de daño No para préstamo Colección Biblioteca de origen Biblioteca actual Ubicación en estantería Fecha de adquisición Fuente de adquisición Total de préstamos Signatura topográfica completa Código de barras Visto por última vez Precio de reemplazo Tipo de ítem Koha
        Libros del s. XIX Biblioteca del Ateneo de Madrid Biblioteca del Ateneo de Madrid Sala Pecera Planta 3 17/01/2008     G-14372 1170639 23/02/2023 23/02/2023 Libro impreso antiguo